000 01160nam a2200373 a 4500
001 20449
003 VRT
005 20260122141925.0
008 960531q1995 xo g 000 p slo c
020 _a8088834171 (brož.)
035 _aUKB000184607
039 9 _a201411181112
_bgluc
040 _aBAA001
_bslo
_cBAA001
_eAACR2
041 1 _aslo
_hfre
044 _axo
_cSK
080 _a840-93-1
100 1 _aVillon, François,
_d1431-1463
243 1 0 _aStredoveká literatúra
245 0 0 _aTulácke básne
_b(balady a básne)
_cFrançois Villon ; [prel. Jozef Felix ... et al.]
260 _aRohovce
_bInterpopulart Slovakia
_c[1995]
300 _a93 s.
490 1 _aPopulart. Študentská knižnica
_v18
500 _aStredoveká literatúra
650 0 7 _aliteratúra francúzska klasická
650 0 7 _apoézia
653 _a840-93-1
700 1 _aFelix, Jozef,
_d1913-1977
_4trl
830 0 _aPopulart. Študentská knižnica
_v18
910 _aukb
942 _2ddc
_cKLDO
_n0
949 _61800004747
_a30.D.64308
_bPV.1813-96
_s4700:20081204
949 _61800004746
_aSL.D.23148
_bPV.1814-96
949 _61800006915
_a30.D.64308
_bKD.170-96
999 _c20449
_d20449